000 00281nam a2200097Ia 4500
001 1146222
005 20250827010247.0
008 250824s9999 xx 000 0 und d
245 0 _aTÜRK MANİLERİNDEN SEÇMELER
_cMETİN ÖZARSLAN
260 _bMİLLİ EĞİTİM BAKANLIĞI YAYINLARI
999 _c1146222
_d1146222